| 000 | 00417nam a2200169Ia 4500 | ||
|---|---|---|---|
| 005 | 20250423101115.0 | ||
| 008 | 250422s9999 xx 000 0 und d | ||
| 020 | _a9757467464 | ||
| 050 | _aRG 101 .T45/ | ||
| 245 | 0 | _aTemel kadın hastalıkları ve doğum bilgisi | |
| 260 | _aAnkara | ||
| 260 | _bGüneş Kitabevi | ||
| 260 | _c1996 | ||
| 300 | _a1645 p | ||
| 650 | _aJİNEKOLOJİ DOĞUMBİLİM | ||
| 942 | _cBK | ||
| 999 |
_c35309 _d35309 |
||